000 00318nam a22001217a 4500
040 _cSY
082 _a639
100 _aSAM SARON'; សំ សារ៉ន
245 _aការចិញ្ចឹមាន់តាមលក្ខណៈគ្រួសារ
260 _aRUA
_bSAM
_c1994
300 _a45p.
942 _cKB
999 _c9613
_d9613